[Event "zonal 3.2a (w)"]
[Site "Manila PHI"]
[Date "2001.04.27"]
[Round "6"]
[White "Batceceg, Tuvshintogs"]
[Black "Foudzi, Siti Zulaikha"]
[Result "1-0"]
[WhiteElo "2224"]
[BlackElo "2050"]
[EventDate "2001.04.24"]
[PlyCount "73"]

1.Nf3 Nf6 2.c4 g6 3.d4 Bg7 4.g3 O-O 5.Bg2 d6 6.O-O c6 7.Nc3 Qa5 8.h3 Nbd7 
9.e4 e5 10.d5 c5 11.a3 Ne8 12.Qc2 h6 13.Rb1 f5 14.Nh4 g5 15.Nxf5 Qd8 16.b4
b6 17.Bd2 Bf6 18.Nxh6+ Kg7 19.Nf5+ Kg6 20.Qd1 Rh8 21.Qg4 Kf7 22.Qf3 Kg6 
23.Nd1 Nf8 24.Nde3 Ng7 25.bxc5 bxc5 26.Rb5 Nxf5 27.Nxf5 Ba6 28.Rb2 Bxc4 
29.Ne3 Bxf1 30.Qf5+ Kf7 31.Rb7+ Ke8 32.Bxf1 a6 33.Ng4 Be7 34.Bxg5 Nd7 35.
Qg6+ Kf8 36.Bh6+ Rxh6 37.Nxh6 1-0

[Event "zonal 3.2a (w)"]
[Site "Manila PHI"]
[Date "2001.04.27"]
[Round "6"]
[White "Hoang Thanh Trang"]
[Black "Le Kieu Thien Kim"]
[Result "1-0"]
[WhiteElo "2465"]
[BlackElo "2307"]
[EventDate "2001.04.24"]
[PlyCount "39"]

1.d4 c5 2.d5 e5 3.e4 d6 4.Nc3 f5 5.Bb5+ Bd7 6.exf5 Nf6 7.Bg5 Bxb5 8.Bxf6 
Qxf6 9.Nxb5 Na6 10.Qh5+ g6 11.fxg6 hxg6 12.Qf3 Qh4 13.O-O-O Qc4 14.Qf6 
Qxb5 15.Qxh8 Nb4 16.Qh3 c4 17.a3 Nxd5 18.Qe6+ Ne7 19.Ne2 Rc8 20.Nc3 1-0

[Event "zonal 3.2a (w)"]
[Site "Manila PHI"]
[Date "2001.04.27"]
[Round "6"]
[White "Mendoza, Beverly"]
[Black "Mariano, Christine Rose"]
[Result "1/2-1/2"]
[WhiteElo "2162"]
[BlackElo "2093"]
[EventDate "2001.04.24"]
[PlyCount "36"]

1.d4 e6 2.c4 b6 3.Nc3 Bb7 4.e4 Bb4 5.Qc2 Qe7 6.a3 Bxc3+ 7.bxc3 d6 8.Nf3 h6
9.Bd3 Nd7 10.O-O e5 11.a4 a5 12.Rb1 Qf6 13.Ba3 Ne7 14.c5 dxc5 15.dxc5 O-O 
16.cxb6 cxb6 17.Bb5 Nc5 18.Bxc5 bxc5 1/2-1/2

[Event "zonal 3.2a (w)"]
[Site "Manila PHI"]
[Date "2001.04.27"]
[Round "6"]
[White "Soyolmaa, Dashdondog"]
[Black "Tungalag, Nyamaa"]
[Result "1-0"]
[WhiteElo "2031"]
[BlackElo "2131"]
[EventDate "2001.04.24"]
[PlyCount "59"]

1.e4 e6 2.d4 d5 3.Nc3 Nf6 4.e5 Nfd7 5.f4 c5 6.Nf3 Nc6 7.Be3 cxd4 8.Nxd4 
Nxd4 9.Bxd4 Bc5 10.Qd2 a6 11.O-O-O b5 12.g4 Bb7 13.h4 Qa5 14.Kb1 Rc8 15.
Ne2 Qb6 16.Rh2 Rc7 17.g5 Bxd4 18.Nxd4 Nc5 19.f5 Ne4 20.Qb4 Bc8 21.f6 gxf6 
22.gxf6 Qc5 23.Qxc5 Nxc5 24.Rg2 Nd7 25.Re1 Nf8 26.h5 h6 27.Bd3 Nd7 28.Rg7 
Rb7 29.Bg6 Nf8 30.Rg1 1-0

[Event "zonal 3.2a (w)"]
[Site "Manila PHI"]
[Date "2001.04.27"]
[Round "6"]
[White "Tran Thi Kim Loan"]
[Black "Nguyen Thi Thanh An"]
[Result "0-1"]
[WhiteElo "2152"]
[BlackElo "2263"]
[EventDate "2001.04.24"]
[PlyCount "161"]

1.d4 g6 2.c4 Bg7 3.Nc3 d6 4.e4 Nc6 5.Be3 e5 6.Nf3 Bg4 7.d5 Nd4 8.Be2 Bxf3 
9.Bxf3 Ne7 10.O-O c5 11.Qa4+ Qd7 12.Qxd7+ Kxd7 13.Bd1 a6 14.Rb1 Rab8 15.b4
b6 16.bxc5 bxc5 17.Ba4+ Kc7 18.Rxb8 Rxb8 19.Rb1 Ne2+ 20.Nxe2 Rxb1+ 21.Nc1 
f5 22.Kf1 fxe4 23.g4 Ng8 24.Kg2 Bh6 25.g5 Bf8 26.Bc2 Rb4 27.Bb3 Ne7 28.Bd2
Rb8 29.Ba5+ Kb7 30.Bc2 Nf5 31.Bxe4 Be7 32.Bd2 Kc7 33.Nb3 Nd4 34.Nxd4 cxd4 
35.Bc1 Rb4 36.Bd3 e4 37.Bxe4 Rxc4 38.Bd2 d3 39.Kf3 Rc2 40.Be3 Rxa2 41.Bxd3
Ra3 42.Ke2 Ra4 43.f4 Ra2+ 44.Kf3 Ra3 45.Ke2 Ra2+ 46.Kf3 Kd7 47.h4 Ra3 48.
Ke2 Ke8 49.Bc1 Ra1 50.Bd2 Rh1 51.Bxa6 Rxh4 52.Be3 h6 53.gxh6 Rxh6 54.Bd3 
Kf7 55.Be4 Bf6 56.Bb6 Rh3 57.Bf3 Rh2+ 58.Kd3 Ra2 59.Be4 Rb2 60.Bc7 Rb3+ 
61.Kd2 Be7 62.Ba5 Rb5 63.Bc7 Rb7 64.Ba5 Rb5 65.Bc3 Bf6 66.Bxf6 Kxf6 67.Ke3
Rb4 68.Bd3 g5 69.fxg5+ Kxg5 70.Bh7 Rb8 71.Bc2 Rb5 72.Kd4 Kf4 73.Bg6 Rb7 
74.Be8 Rb1 75.Bf7 Rd1+ 76.Kc4 Ke5 77.Bg8 Rc1+ 78.Kd3 Rc5 79.Ke2 Rc4 80.Kd2
Ra4 81.Be6 0-1

[Event "zonal 3.2a (w)"]
[Site "Manila PHI"]
[Date "2001.04.28"]
[Round "7"]
[White "Batceceg, Tuvshintogs"]
[Black "Hoang Thanh Trang"]
[Result "0-1"]
[WhiteElo "2224"]
[BlackElo "2465"]
[EventDate "2001.04.24"]
[PlyCount "98"]

1.Nf3 f5 2.d4 Nf6 3.g3 g6 4.Bg2 Bg7 5.O-O O-O 6.c4 d6 7.Nc3 Qe8 8.d5 a5 9.
Rb1 Bd7 10.b3 Na6 11.Nd4 Nc5 12.Bb2 g5 13.Ncb5 Qc8 14.a3 f4 15.b4 axb4 16.
axb4 Na6 17.Ba1 Qe8 18.Ne6 Bxe6 19.dxe6 Rb8 20.Qc2 Qh5 21.f3 Ne8 22.Nd4 
Bf6 23.Qe4 Ng7 24.e3 Be5 25.g4 Qg6 26.Rfe1 c5 27.Qxg6 hxg6 28.Nc2 Bxa1 29.
Rxa1 cxb4 30.Rab1 Nc5 31.exf4 gxf4 32.Nd4 g5 33.Bf1 Rf6 34.Rxb4 Ngxe6 35.
Nxe6 Rxe6 36.Rxe6 Nxe6 37.Bd3 Nc5 38.Be4 Kf7 39.Bc6 Kf6 40.Rb1 Ke5 41.Re1+
Kd4 42.Bb5 e6 43.Kg2 Ra8 44.h4 gxh4 45.Kh3 Rh8 46.g5 e5 47.Kg4 h3 48.g6 h2
49.Rh1 Ke3 0-1

[Event "zonal 3.2a (w)"]
[Site "Manila PHI"]
[Date "2001.04.28"]
[Round "7"]
[White "Foudzi, Siti Zulaikha"]
[Black "Tungalag, Nyamaa"]
[Result "0-1"]
[WhiteElo "2050"]
[BlackElo "2131"]
[EventDate "2001.04.24"]
[PlyCount "54"]

1.e4 e6 2.d4 d5 3.exd5 exd5 4.Nf3 Nf6 5.Bd3 Be7 6.O-O O-O 7.h3 h6 8.c3 Be6
9.Nbd2 Nbd7 10.Re1 c5 11.Nf1 Rc8 12.Bd2 Re8 13.Ng3 Bf8 14.Ne5 cxd4 15.cxd4
Nxe5 16.dxe5 Nd7 17.Bc3 Qg5 18.Qf3 Bc5 19.Rad1 Rcd8 20.Nf5 Bxf5 21.Bxf5 
Nb6 22.e6 fxe6 23.Bxe6+ Kh8 24.b4 Rf8 25.h4 Rxf3 26.hxg5 Bxf2+ 27.Kh1 Rxc3
0-1

[Event "zonal 3.2a (w)"]
[Site "Manila PHI"]
[Date "2001.04.28"]
[Round "7"]
[White "Le Kieu Thien Kim"]
[Black "Tran Thi Kim Loan"]
[Result "0-1"]
[WhiteElo "2307"]
[BlackElo "2152"]
[EventDate "2001.04.24"]
[PlyCount "124"]

1.e4 c6 2.d4 d5 3.f3 e6 4.Nc3 g6 5.Be3 Bg7 6.Qd2 dxe4 7.fxe4 e5 8.d5 Nd7 
9.dxc6 bxc6 10.Bc4 Ngf6 11.Nf3 O-O 12.h3 Qc7 13.O-O Nb6 14.Bb3 Ba6 15.Rf2 
Rad8 16.Qe1 Rd7 17.Bc5 Rfd8 18.Qe3 Nc4 19.Qe2 Nd2 20.Qxa6 Ndxe4 21.Qc4 
Nxf2 22.Bxf2 h6 23.Re1 Nd5 24.Nxd5 Rxd5 25.Qe4 Rb5 26.a4 Rbd5 27.Bxd5 cxd5
28.Qe2 e4 29.Nd4 Qd7 30.b3 f5 31.Qa6 Kf7 32.Rf1 f4 33.Be3 g5 34.Bxf4 gxf4 
35.Rxf4+ Kg8 36.Nf5 Kh7 37.h4 Rf8 38.h5 Rf6 39.Qf1 Qc7 40.Qf2 Qf7 41.g4 
Bf8 42.Kg2 Qc7 43.Qd2 Bc5 44.Rf1 e3 45.Qd1 d4 46.Qd3 Kh8 47.Qe4 Qc6 48.
Qxc6 Rxc6 49.Kf3 Kh7 50.Ke4 Rc7 51.Rd1 Bb6 52.b4 a5 53.b5 Rc8 54.Nxd4 Bxd4
55.Kxd4 Rd8+ 56.Kxe3 Rxd1 57.c4 Ra1 58.Kd4 Rxa4 59.Kd5 Rb4 60.Kc5 Rb1 61.
b6 a4 62.Kc6 a3 0-1

[Event "zonal 3.2a (w)"]
[Site "Manila PHI"]
[Date "2001.04.28"]
[Round "7"]
[White "Mariano, Christine Rose"]
[Black "Soyolmaa, Dashdondog"]
[Result "1/2-1/2"]
[WhiteElo "2093"]
[BlackElo "2031"]
[EventDate "2001.04.24"]
[PlyCount "111"]

1.e4 e5 2.Nf3 Nc6 3.Bb5 a6 4.Ba4 Nf6 5.O-O d6 6.Bxc6+ bxc6 7.d4 exd4 8.
Nxd4 c5 9.Nb3 Be7 10.Nc3 O-O 11.Na5 h6 12.f3 Re8 13.Re1 Bd7 14.e5 dxe5 15.
Rxe5 Bb5 16.Be3 Qxd1+ 17.Rxd1 Bd6 18.Rxe8+ Rxe8 19.Bf2 Rb8 20.a4 Bd7 21.b3
Bf5 22.Nc6 Re8 23.Rd2 Bf4 24.Re2 Rxe2 25.Nxe2 Bxc2 26.Nxf4 Bxb3 27.Bxc5 
Bxa4 28.Ne7+ Kh7 29.Kf2 Nd7 30.Ba3 Ne5 31.g4 Bd1 32.Ne2 a5 33.Nd5 c5 34.
Ndc3 Bc2 35.h3 Nd3+ 36.Ke3 Nb4 37.Kd2 Bb3 38.Nc1 c4 39.Nxb3 cxb3 40.Bxb4 
axb4 41.Nd5 Kg6 42.h4 f6 43.Kc1 Kf7 44.Kb2 Ke6 45.Nf4+ Ke5 46.Ng6+ Kd4 47.
Kxb3 Ke3 48.f4 Kf3 49.Kxb4 Kxg4 50.Kc4 h5 51.Kd5 Kf5 52.Nf8 Kxf4 53.Ne6+ 
Kg4 54.Nxg7 Kxh4 55.Ke4 Kg4 56.Nxh5 1/2-1/2

[Event "zonal 3.2a (w)"]
[Site "Manila PHI"]
[Date "2001.04.28"]
[Round "7"]
[White "Mendoza, Beverly"]
[Black "Anhchimeg, Bayanmonh"]
[Result "1-0"]
[WhiteElo "2162"]
[BlackElo "2174"]
[EventDate "2001.04.24"]
[PlyCount "99"]

1.e4 c5 2.Nc3 Nc6 3.g3 e6 4.Bg2 Nge7 5.Nge2 g6 6.d4 cxd4 7.Nxd4 Bg7 8.Be3 
O-O 9.O-O d5 10.exd5 exd5 11.Qd2 Ne5 12.b3 a6 13.Rad1 b5 14.Nde2 Bb7 15.
Nf4 Kh8 16.Ncxd5 Nf5 17.Bc5 Re8 18.Nb6 Nf3+ 19.Bxf3 Bxf3 20.Nxa8 Bxd1 21.
Rxd1 Qxa8 22.Qd5 Qxd5 23.Nxd5 h5 24.Ne3 Rc8 25.b4 Nxe3 26.fxe3 a5 27.a3 
Bb2 28.Rd3 Kg7 29.Kf2 Kf6 30.Rd6+ Ke5 31.Rb6 Rd8 32.Kf3 Rd2 33.Rxb5 Ke6 
34.bxa5 Be5 35.a6 g5 36.e4 Rd8 37.a7 h4 38.Be3 f6 39.Rb7 Rg8 40.gxh4 gxh4 
41.Bf4 Ra8 42.Rb6+ Kd7 43.Bxe5 fxe5 44.Ra6 Kc7 45.Kg4 Kb7 46.Ra5 Rg8+ 47.
Kxh4 Ka8 48.Rxe5 Kxa7 49.Rg5 Rc8 50.Kg4 1-0

[Event "zonal 3.2a (w)"]
[Site "Manila PHI"]
[Date "2001.04.28"]
[Round "7"]
[White "Vo Hong Phuong"]
[Black "Nguyen Thi Thanh An"]
[Result "0-1"]
[WhiteElo "2258"]
[BlackElo "2263"]
[EventDate "2001.04.24"]
[PlyCount "126"]

1.e4 g6 2.d4 Bg7 3.Nc3 d6 4.h3 c5 5.Nf3 Nd7 6.Be2 a6 7.a4 b6 8.O-O Bb7 9.
Re1 cxd4 10.Nxd4 Ngf6 11.Bf3 Ne5 12.Bd2 O-O 13.Qe2 Rc8 14.Rad1 Qc7 15.Bc1 
Nxf3+ 16.Nxf3 Rfe8 17.Nh2 Qc4 18.Rd3 b5 19.axb5 axb5 20.b3 Qc6 21.b4 Nd7 
22.Bd2 Ne5 23.Rg3 Nc4 24.Nd5 Nxd2 25.Qxd2 Qxc2 26.Qg5 Bxd5 27.Qxd5 Qc4 28.
Rb1 Qxd5 29.exd5 Rc4 30.Rd3 Rec8 31.Ng4 Rc1+ 32.Rd1 Rxd1+ 33.Rxd1 Rc4 34.
Rb1 Bc3 35.Rb3 Bd2 36.Rb2 Rd4 37.Kf1 h5 38.Ne3 Bxe3 39.fxe3 Rxd5 40.Ke2 
Kg7 41.Rc2 Re5 42.Kf3 f5 43.Rc7 Kf6 44.Rb7 g5 45.Rb8 h4 46.Rf8+ Kg7 47.Rb8
Rd5 48.Rb7 Kf6 49.Rb8 e5 50.Rf8+ Ke6 51.Rg8 e4+ 52.Ke2 Kf6 53.Rf8+ Kg7 54.
Rc8 Kf7 55.Rh8 Rd3 56.Rb8 f4 57.exf4 gxf4 58.Rxb5 f3+ 59.gxf3 Rxf3 60.Rh5 
Rxh3 61.b5 Ke6 62.b6 Rb3 63.Rxh4 Ke5 0-1

[Event "zonal 3.2a (w)"]
[Site "Manila PHI"]
[Date "2001.04.29"]
[Round "8"]
[White "Hoang Thanh Trang"]
[Black "Mendoza, Beverly"]
[Result "1-0"]
[WhiteElo "2465"]
[BlackElo "2162"]
[EventDate "2001.04.24"]
[PlyCount "103"]

1.d4 Nf6 2.c4 e6 3.Nc3 Bb4 4.Qc2 c5 5.dxc5 Bxc5 6.Nf3 Nc6 7.e3 O-O 8.a3 a6
9.b4 Be7 10.Bb2 b6 11.Be2 Bb7 12.O-O Qc7 13.Rfd1 Ng4 14.h3 Nge5 15.Na4 Bf6
16.c5 b5 17.Nc3 Be7 18.Ne4 Nxf3+ 19.Bxf3 Ne5 20.Be2 d5 21.Qc3 f6 22.Ng5 
fxg5 23.Qxe5 Qxe5 24.Bxe5 Bc6 25.Rdc1 Bf6 26.Bxf6 gxf6 27.a4 Kf7 28.axb5 
axb5 29.Kf1 Ke7 30.Bd3 h6 31.Ke2 Kd7 32.Kd2 Kc7 33.g3 Kb7 34.Kc3 Rxa1 35.
Rxa1 Ra8 36.Rxa8 Kxa8 37.Kd2 Kb7 38.Ke2 e5 39.Bf5 Kc7 40.Kf3 h5 41.Bg6 Bd7
42.h4 Bg4+ 43.Kg2 Be2 44.f3 g4 45.f4 d4 46.exd4 exd4 47.Kf2 Bf3 48.Bxh5 
Kd7 49.Bg6 Ke7 50.h5 Kf8 51.Bf5 Bd1 52.c6 1-0

[Event "zonal 3.2a (w)"]
[Site "Manila PHI"]
[Date "2001.04.29"]
[Round "8"]
[White "Nguyen Thi Thanh An"]
[Black "Mariano, Christine Rose"]
[Result "1/2-1/2"]
[WhiteElo "2263"]
[BlackElo "2093"]
[EventDate "2001.04.24"]
[PlyCount "111"]

1.d4 Nf6 2.c4 g6 3.Nc3 Bg7 4.e4 d6 5.Be2 O-O 6.Nf3 e5 7.O-O c6 8.Re1 Nbd7 
9.Bg5 h6 10.Bh4 Kh8 11.dxe5 dxe5 12.Qd6 Qe8 13.Rad1 Rg8 14.a3 Nh5 15.Bg3 
f6 16.Nh4 Bf8 17.Qd2 g5 18.Nf5 Nc5 19.b4 Bxf5 20.exf5 Nxg3 21.hxg3 Nb3 22.
Qd7 Qxd7 23.Rxd7 Rg7 24.Red1 Nd4 25.Rxg7 Kxg7 26.Bd3 a5 27.Ne2 axb4 28.
Nxd4 exd4 29.axb4 Bxb4 30.Rb1 c5 31.Be4 Ra7 32.g4 b6 33.Kf1 Ra2 34.Rc1 Kf8
35.Rc2 Rxc2 36.Bxc2 b5 37.cxb5 c4 38.Be4 Ke7 39.b6 Kd6 40.b7 Kc7 41.Ke2 
Bd6 42.Bd5 c3 43.Kd3 Kb6 44.Bb3 Kc5 45.Ba4 Kb4 46.Bc2 Kc5 47.Ba4 Be5 48.
Bc2 Bb8 49.Ba4 Kb4 50.Bc2 Ba7 51.Bd1 Ka3 52.Bc2 Kb2 53.Ba4 Kb1 54.Bb3 Bb8 
55.Ba4 Ba7 56.Bb3 1/2-1/2

[Event "zonal 3.2a (w)"]
[Site "Manila PHI"]
[Date "2001.04.29"]
[Round "8"]
[White "Tran Thi Kim Loan"]
[Black "Lomibao, Sherrie Joy"]
[Result "0-1"]
[WhiteElo "2152"]
[BlackElo "2041"]
[EventDate "2001.04.24"]
[PlyCount "76"]

1.d4 Nf6 2.c4 e6 3.Nc3 d5 4.Bg5 Be7 5.Nf3 O-O 6.e3 c6 7.Rc1 Nbd7 8.Bd3 Re8
9.O-O Nf8 10.Qc2 h6 11.Bh4 dxc4 12.Bxc4 Ng6 13.Bg3 b6 14.Bd3 Nf8 15.Ne4 
Bb7 16.Nxf6+ Bxf6 17.Be4 Qe7 18.Bxc6 Rec8 19.Qa4 Ng6 20.h3 Kh7 21.Rc3 Rxc6
22.Rxc6 Qd7 23.Rc4 b5 24.Rc7 Qxc7 25.Qxb5 Qc8 26.Qa5 Bxf3 27.gxf3 Qb7 28.
Qc7 Qxf3 29.Qxf7 Qf5 30.Qb7 Rf8 31.Kh2 Bh4 32.Qg2 Bxg3+ 33.Qxg3 Qc2 34.Kh1
Qxb2 35.Rg1 Qb7+ 36.Kh2 Qf7 37.Rg2 Ne7 38.f4 Nf5 0-1

[Event "zonal 3.2a (w)"]
[Site "Manila PHI"]
[Date "2001.04.29"]
[Round "8"]
[White "Tungalag, Nyamaa"]
[Black "Anhchimeg, Bayanmonh"]
[Result "0-1"]
[WhiteElo "2131"]
[BlackElo "2174"]
[EventDate "2001.04.24"]
[PlyCount "84"]

1.e4 c5 2.Nf3 Nc6 3.d4 cxd4 4.Nxd4 Nf6 5.Nc3 e5 6.Ndb5 d6 7.Bg5 a6 8.Na3 
b5 9.Nd5 Be7 10.Bxf6 Bxf6 11.c3 O-O 12.Be2 Bg5 13.O-O Ne7 14.Nxe7+ Qxe7 
15.Nc2 Bb7 16.f3 d5 17.exd5 Rad8 18.c4 bxc4 19.Kh1 Rxd5 20.Qe1 Qc5 21.Na3 
Bd2 22.Qf2 c3 23.Qxc5 Rxc5 24.bxc3 Rxc3 25.Nb1 Rc2 26.Bd3 Rb2 27.Nxd2 Rxd2
28.Rfd1 Rxd1+ 29.Rxd1 g6 30.Kg1 Rd8 31.Kf2 Kg7 32.Ke3 Rd4 33.Rb1 Bc8 34.
Rb8 Be6 35.a3 Ra4 36.Rb6 a5 37.Rb5 Rxa3 38.Rxe5 Bf5 39.Rd5 Bxd3 40.Rxd3 
Rxd3+ 41.Kxd3 f5 42.h3 a4 0-1

[Event "zonal 3.2a (w)"]
[Site "Manila PHI"]
[Date "2001.04.29"]
[Round "8"]
[White "Vo Hong Phuong"]
[Black "Batceceg, Tuvshintogs"]
[Result "0-1"]
[WhiteElo "2258"]
[BlackElo "2224"]
[EventDate "2001.04.24"]
[PlyCount "162"]

1.e4 c5 2.Nf3 Nc6 3.d3 d6 4.g3 g6 5.Bg2 Bg7 6.O-O e5 7.c3 Nge7 8.Be3 O-O 
9.Qd2 b6 10.Na3 Ba6 11.Rad1 Qc7 12.Bh6 Rad8 13.Bxg7 Kxg7 14.Rfe1 Bc8 15.d4
Bg4 16.d5 Nb8 17.h3 Bxf3 18.Bxf3 f5 19.Rf1 a6 20.Nc2 Nd7 21.Bg2 fxe4 22.
Bxe4 Nf6 23.Bg2 b5 24.b3 Rb8 25.Ne3 a5 26.Kh2 Nd7 27.Ng4 Nf5 28.Be4 Rbe8 
29.a3 Qc8 30.Kg2 Nf6 31.Nxf6 Rxf6 32.Rh1 h6 33.h4 Ne7 34.Qe2 Qd7 35.Rd2 
Rc8 36.Rc2 c4 37.b4 axb4 38.axb4 Ra8 39.Ra2 Rff8 40.Rha1 Qb7 41.Qg4 Rxa2 
42.Rxa2 h5 43.Qg5 Rf6 44.Qe3 Nc8 45.Ra5 Rf7 46.Kg1 Qd7 47.Ra6 Qb7 48.Rc6 
Rd7 49.Qg5 Ne7 50.g4 hxg4 51.h5 Qa7 52.Kg2 g3 53.h6+ Kh7 54.Kxg3 Qa1 55.
Kg2 Qe1 56.Qg4 Kxh6 57.Ra6 Nf5 58.Ra8 Rf7 59.Qh3+ Kg5 60.Bxf5 Rxf5 61.Qe3+
Qxe3 62.fxe3 Rf6 63.Rb8 Kf5 64.Kf3 g5 65.e4+ Kg6+ 66.Kg3 Rf4 67.Rxb5 Rxe4 
68.Rb6 Re3+ 69.Kg4 Re4+ 70.Kg3 Kf5 71.Rxd6 Re3+ 72.Kf2 Rxc3 73.Rc6 g4 74.
Rc8 Rd3 75.Rxc4 Rxd5 76.Rc8 Kf4 77.Rf8+ Ke4 78.Rg8 Kf4 79.Rf8+ Ke4 80.Rg8 
Rd2+ 81.Kg3 Rd3+ 0-1

[Event "zonal 3.2a (w)"]
[Site "Manila PHI"]
[Date "2001.04.30"]
[Round "9"]
[White "Anhchimeg, Bayanmonh"]
[Black "Nguyen Thi Thanh An"]
[Result "1-0"]
[WhiteElo "2174"]
[BlackElo "2263"]
[EventDate "2001.04.24"]
[PlyCount "75"]

1.e4 g6 2.d4 Bg7 3.Nc3 c6 4.g3 d5 5.e5 h5 6.Nf3 Bg4 7.h3 Bxf3 8.Qxf3 e6 9.
Be3 Nd7 10.Bg2 Qe7 11.Qe2 a6 12.f4 O-O-O 13.O-O-O Kb8 14.Na4 Qb4 15.Nc5 
Bf8 16.Nxd7+ Rxd7 17.Qf2 Ne7 18.g4 Nc8 19.f5 Nb6 20.a3 Qa4 21.Kb1 Nc4 22.
Bc1 Qb5 23.Ka2 Bh6 24.b3 Bxc1 25.Rxc1 Nb6 26.fxe6 fxe6 27.Qf6 Rc8 28.Qxg6 
hxg4 29.hxg4 c5 30.dxc5 Rxc5 31.Bf1 Qc6 32.Bd3 Ra5 33.Qe8+ Ka7 34.Rh8 
Rxa3+ 35.Kxa3 Nc4+ 36.Bxc4 dxc4 37.Qa8+ Kb6 38.Rc8 1-0

[Event "zonal 3.2a (w)"]
[Site "Manila PHI"]
[Date "2001.04.30"]
[Round "9"]
[White "Le Kieu Thien Kim"]
[Black "Soyolmaa, Dashdondog"]
[Result "1-0"]
[WhiteElo "2307"]
[BlackElo "2031"]
[EventDate "2001.04.24"]
[PlyCount "151"]

1.d4 d5 2.Nf3 Nf6 3.c4 c6 4.Nc3 e6 5.Bg5 Be7 6.cxd5 exd5 7.Qc2 h6 8.Bh4 
O-O 9.e3 Nbd7 10.Bd3 Re8 11.O-O Nf8 12.Rab1 Nh5 13.Bxe7 Rxe7 14.b4 Be6 15.
b5 cxb5 16.Rxb5 a6 17.Rb3 Rc8 18.Qb2 Rcc7 19.Ne5 Nf6 20.f4 Bc8 21.Qe2 Ne6 
22.Bb1 Nf8 23.g4 Qd6 24.Qg2 Be6 25.h4 N6d7 26.Nxd7 Rcxd7 27.f5 Bxf5 28.
Bxf5 Rxe3 29.Nd1 Rxb3 30.axb3 Re7 31.Qf2 Nd7 32.Ne3 Nf6 33.g5 hxg5 34.hxg5
Nh5 35.Bh7+ Kxh7 36.Nf5 Qg6 37.Nxe7 Qxg5+ 38.Kh2 Qxe7 39.Qf5+ Kh6 40.Rf3 
f6 41.Qxd5 Qc7+ 42.Kg1 Nf4 43.Qe4 g5 44.Re3 Kh5 45.Kf2 Kh6 46.Qh1+ Kg7 47.
Qe4 Ng6 48.d5 Qh2+ 49.Kf1 Qc7 50.b4 Ne5 51.Kf2 Qd6 52.Rh3 Ng6 53.Ke3 Qb6+ 
54.Kd2 Qd6 55.Kc3 Qc7+ 56.Kb3 Qd6 57.Re3 Ne5 58.Re1 Qd7 59.Rh1 Ng6 60.Qd4 
Qd6 61.Re1 Nf4 62.Rd1 Ng6 63.Qc5 Qd7 64.d6 Ne5 65.Re1 Qe6+ 66.Kc3 Kf7 67.
Qc7+ Ke8 68.Rh1 Nf7 69.Qb8+ Kd7 70.Qxb7+ Ke8 71.Qc6+ Kf8 72.Rd1 Qe3+ 73.
Kc2 Qf2+ 74.Rd2 Qf5+ 75.Kb3 Qe6+ 76.Ka4 1-0

[Event "zonal 3.2a (w)"]
[Site "Manila PHI"]
[Date "2001.04.30"]
[Round "9"]
[White "Mariano, Christine Rose"]
[Black "Hoang Thanh Trang"]
[Result "0-1"]
[WhiteElo "2093"]
[BlackElo "2465"]
[EventDate "2001.04.24"]
[PlyCount "66"]

1.Nf3 f5 2.g3 Nf6 3.Bg2 g6 4.O-O Bg7 5.d3 O-O 6.Qe1 Nc6 7.c3 e5 8.e4 d6 9.
Nbd2 f4 10.d4 Nh5 11.d5 Ne7 12.h4 Bd7 13.a4 Kh8 14.Kh2 Ng8 15.Nc4 Nh6 16.
Bd2 Ng4+ 17.Kg1 Qe7 18.b4 Bh6 19.Ra2 Rf7 20.Nb2 Rg8 21.Nd3 g5 22.Kh1 gxh4 
23.gxh4 Rfg7 24.Rg1 Ngf6 25.Qe2 Rg4 26.Bf1 Rxg1+ 27.Nxg1 Qg7 28.Nf3 Qg6 
29.Nde1 Nxe4 30.Kh2 Nhg3 31.Qc4 Nxf2 32.Ng2 Nxf1+ 33.Qxf1 Qg3+ 0-1

[Event "zonal 3.2a (w)"]
[Site "Manila PHI"]
[Date "2001.04.30"]
[Round "9"]
[White "Mendoza, Beverly"]
[Black "Vo Hong Phuong"]
[Result "0-1"]
[WhiteElo "2162"]
[BlackElo "2258"]
[EventDate "2001.04.24"]
[PlyCount "76"]

1.e4 d5 2.exd5 Nf6 3.Nf3 Nxd5 4.d4 Bf5 5.a3 e6 6.c4 Nb6 7.Nc3 Be7 8.Be2 
Bf6 9.Be3 Nc6 10.h3 h6 11.O-O Qd7 12.c5 Nd5 13.Bd3 Nxc3 14.bxc3 Bxd3 15.
Qxd3 O-O 16.Rfd1 Rfd8 17.Qe4 Qd5 18.Qg4 Kh7 19.Bf4 Rac8 20.Qg3 Qd7 21.Re1 
b6 22.cxb6 cxb6 23.Rad1 Qe7 24.d5 Na5 25.d6 Qd7 26.Be5 Nc4 27.Bxf6 gxf6 
28.Qh4 f5 29.Rd4 b5 30.Qf6 Rg8 31.Rh4 Rg6 32.Rxh6+ Kxh6 33.Qh4+ Kg7 34.Ng5
Rh8 35.Qd4+ e5 36.Rxe5 Nxe5 37.Qxe5+ f6 38.Ne6+ Kf7 0-1

[Event "zonal 3.2a (w)"]
[Site "Manila PHI"]
[Date "2001.04.30"]
[Round "9"]
[White "Tungalag, Nyamaa"]
[Black "Tran Thi Kim Loan"]
[Result "0-1"]
[WhiteElo "2131"]
[BlackElo "2152"]
[EventDate "2001.04.24"]
[PlyCount "104"]

1.e4 c6 2.d4 d5 3.exd5 cxd5 4.Bf4 Nc6 5.Nf3 Bg4 6.c3 Bxf3 7.Qxf3 e6 8.Nd2 
Bd6 9.Bxd6 Qxd6 10.Bb5 Nf6 11.O-O O-O 12.Bxc6 Qxc6 13.Rfe1 Rfc8 14.Qg3 b5 
15.Re3 b4 16.Qg5 h6 17.Qh4 bxc3 18.bxc3 Qb6 19.Nf3 Rab8 20.Ne5 Qb2 21.Rae1
Rxc3 22.Qg3 Rxe3 23.fxe3 Rc8 24.a4 Qa3 25.Rf1 Rc1 26.a5 Rxf1+ 27.Kxf1 Qxa5
28.Qe1 Qxe1+ 29.Kxe1 Ne4 30.Kd1 f6 31.Nc6 a6 32.Nd8 e5 33.dxe5 fxe5 34.Nc6
Kf7 35.Nxe5+ Ke6 36.Nd3 Kd6 37.Kc2 Nc5 38.Nf4 Ke5 39.Nh5 g6 40.Ng3 a5 41.
Ne2 h5 42.Nf4 Ke4 43.Nxg6 Kxe3 44.g3 d4 45.Nf4 d3+ 46.Kd1 a4 47.Nd5+ Kd4 
48.Nb4 a3 49.h3 Kc4 50.Na2 Ne4 51.g4 h4 52.Nc1 Ng5 0-1